| 000 | 01319nam0a2200313 4500 | ||
|---|---|---|---|
| 001 | RU\NLR\b_ik\160015 | ||
| 005 | 20250616230228.0 | ||
| 035 | _a(NLR Aleph) 002232894 | ||
| 090 |
_a3451915 _c3451915 |
||
| 100 | _a20070628d2007 |||y0rusy50 ca | ||
| 101 | 0 |
_aeng _drus |
|
| 102 | _aRU | ||
| 105 | _aa ||||||||| | ||
| 200 | 1 |
_aDistribution of significant digits in errors of physical measurements _fS.L. Sakharov |
|
| 210 |
_aGatchina _cПИЯФ _d2007 |
||
| 215 |
_a14 с. _cил. _d20 |
||
| 225 | 1 |
_aPreprint _fRuss. acad. of sciences, Petersburg nuclear physics inst. _v2715. ПИЯФ-2007 |
|
| 300 | _aНа обороте тит. л.: Распределение значащих цифр в ошибках физических измерений / С.Л. Сахаров | ||
| 300 | _aНа обл. надзаг. на рус. яз. | ||
| 300 | _aРез. на рус. яз. | ||
| 320 | _aБиблиогр.: с. 14 | ||
| 517 | 0 | _aРаспределение значащих цифр в ошибках физических измерений | |
| 606 | 1 |
_aФизические измерения _xПогрешности _91863596 _3RU\NLR\AUTH\661136379 |
|
| 686 | 1 | _aВ3 | |
| 700 | 1 |
_aSacharov _bS. L. _gSergej L'vovič _4070 |
|
| 801 | 0 |
_aRU _bNLR _c20070628 _gRCR |
|
| 942 | _cBOOK | ||
| 980 | _aNB | ||